Specification for rubber teats for feeding bottles. (Record no. 73703)

MARC details
000 -LEADER
fixed length control field 00317nam a2200121Ia 4500
245 #0 - TITLE STATEMENT
Title Specification for rubber teats for feeding bottles.
260 ## - PUBLICATION, DISTRIBUTION, ETC. (IMPRINT)
Year of publication 1966
500 ## - GENERAL NOTE
General note Standard number: IS 3565
650 ## - SUBJECT ADDED ENTRY--TOPICAL TERM
Topical Term Feeding bottle
650 ## - SUBJECT ADDED ENTRY--TOPICAL TERM
Topical Term Rubber teats
942 ## - ADDED ENTRY ELEMENTS (KOHA)
Koha item type Standards
Holdings
Withdrawn status Lost status Damaged status Not for loan Collection code Home library Current library Date acquired Koha item type
      Standards Indian standards RRII Library RRII Library 31/12/2021 Standards